Bytový dom

Na minha lista:
Detalhes bibliográficos
Autor principal: Schwarz, Šimon (Author)
Outros Autores: Menďan, Rastislav (Thesis advisor)
Formato: Manuscrito Livro
Idioma:eslovaco
Publicado em: 2023
Assuntos:
Acesso em linha:http://is.stuba.sk/zp/portal_zp.pl?podrobnosti=156952
https://opac.crzp.sk/?fn=detailBiblioForm&sid=0A15AC6E5E2ED0F3D6D0C2342BCF
Tags: Adicionar Tag
Sem tags, seja o primeiro a adicionar uma tag!

MARC

LEADER 00000ntm a22000003a 4500
001 stuzp93964
003 SK-STU
005 20230921112847.7
007 ta
008 150427s2015----xo-----f-mn---000-0-slo-d
040 |a STU  |b slo 
041 0 |a slo 
100 1 |a Schwarz, Šimon  |u 010180  |4 aut  |U SvF Stavebná fakulta  |T SvF Katedra konštrukcií pozemných stavieb  |X 104692  |U V180  |Y 18  |7 104692 
242 0 1 |a Flat house  |y eng 
245 1 0 |a Bytový dom 
260 |c 2023 
650 4 |a bytový dom  |2 slo 
650 4 |a bytové jednotky  |2 slo 
650 4 |a konštrukcie  |2 slo 
650 4 |a architektúra  |2 slo 
650 4 |a projekt  |2 slo 
650 4 |a apartment house  |2 eng 
650 4 |a construction  |2 eng 
650 4 |a apartments  |2 eng 
650 4 |a architecture  |2 eng 
650 4 |a project  |2 eng 
700 1 |a Menďan, Rastislav  |u 010180  |k Z1  |4 ths  |U SvF Stavebná fakulta  |T SvF Katedra konštrukcií pozemných stavieb  |X 776  |U V180  |Y 18  |7 A000000776 
856 4 |u http://is.stuba.sk/zp/portal_zp.pl?podrobnosti=156952 
856 4 |u https://opac.crzp.sk/?fn=detailBiblioForm&sid=0A15AC6E5E2ED0F3D6D0C2342BCF